000 01159nam a2200217Ia 4500
001 L703-2463
003 IT-CnALBA
008 170116s9999||||xx |||||||||||||| ||und||
040 _aIT-CnALBA
_cIT-CnALBA
041 _aITALIANO
100 _aAA. VV.
245 0 _aLE MUSE. ENCICLOPEDIA DI TUTTE LE ARTI. VOLL. I-XII.
250 _a1a ed.
260 _a NOVARA
_bDE AGOSTINI ISTITUTO GEOGR.
_cn.d.
500 _aPRESENTAZIONE. DIRETTORE BAROLI ACHILLE. DIRETTORI DI SEZIONE: CAPELLINI VALSECCHI ZAMPA PENSA GREGORIETTI. SEGRETARIA DI REDAZIONE LOMBARDINI ERSILIA. COLLABORATORI AGNOLETTO ALFIERI BALDINI BARBISI BERETTA BRGAMINI BUSSI COVA DAZZI FERRANTE FORTINI LAMB
501 _aSocietà San Paolo EM - Piazza San Paolo, 14 - 12051 ALBA (CN) (non commercial uses only) ® Copyright 2017
520 _aPRESENTAZIONE. DIRETTORE BAROLI ACHILLE. DIRETTORI DI SEZIONE: CAPELLINI VALSECCHI ZAMPA PENSA GREGORIETTI. SEGRETARIA DI REDAZIONE LOMBARDINI ERSILIA. COLLABORATORI AGNOLETTO ALFIERI BALDINI BARBISI BERETTA BRGAMINI BUSSI COVA DAZZI FERRANTE FORTINI LAMB
650 _aDIZIONARI ED ENCICLOPEDIE DELLE ARTI
942 _cBK
957 _71
999 _a3444
_bNO
_g Copie: 1
_c261652
_d261652